00390 2200145 4500001002100000008004100021035002000062245004700082100001500129260002100144300002000165082001800185650002800203990001300231INLIS000000000000072 ind  a0010-0322000072 aCUT NYAK DHIEN: PAHLAWAN WANITA ACEHcIKHA aNUNI UTAMI aDEPOKbCIFc2011 a92 hlm.c23 cm. a809.933 520 3 aPAHLAWAN - ENSIKLOPEDIA a102306-1